Countries by a number - Statistics

General Stats
  • This quiz has been taken 35 times
  • The average score is 9 of 15
Answer Stats
Hint Answer % Correct
1 339 000 000 India
97%
1066 Great Britain
91%
1789 France
85%
83 Russia
85%
50 USA
85%
0.44 Vatican City
82%
9 985 000 Canada
70%
2011 South Sudan
64%
1993 Czech Republic
58%
1993 Slovakia
58%
38 South Korea
42%
38 North Korea
36%
7 United Arab Emirates
24%
26 Switzerland
18%
1993 Eritrea
12%
No matching quizzes found
Score Distribution
Percent of People with Each Score
Percentile by Number Answered
Your Score History
You have not taken this quiz